000 00882cam a2200289 i 4500
001 63225
003 Mx-PuUPA
005 20230316121150.0
008 150714s1993 mx gr 000 0 spa d
020 _a9682318807
040 _aMx-PuUPA
_bspa
_cMx-PuUPA
_dMx-PuUPA
_erda
041 0 _aspa
100 1 _aFlores, Marco Antonio,
_d1937-2013
_94016
245 1 3 _aLa siguamonta /
_cMarco Antonio Flores
250 _aPrimera edición
264 1 _aMéxico, D.F. :
_bSiglo XXI,
_c1993
300 _a90 páginas ;
_c21 cm.
336 _atexto
_2rdacontent
_btxt
337 _asin medio
_2rdamedia
_bn
338 _avolumen
_2rdacarrier
_bnc
490 0 _aLa creación literaria
650 7 _aCuentos guatemaltecos
_2armarc
650 7 _aLiteratura guatemalteca
_ySiglo XX
_2armarc
942 _2ddc
_cLI
_h863
_iF628
999 _c63225
_d63225